The Legend Of Zelda: Link's Awakening Items And Equipment - Statistics

General Stats
  • This quiz has been taken 46 times
  • The average score is 31 of 62
Answer Stats
Type Item/Equipment % Correct
Equipment Bow
97%
Trade Quest Ribbon
97%
Equipment Koholint Sword
84%
Key Angler Key
78%
Key Bird Key
78%
Key Face Key
78%
Dungeon Item Nightmare Key
78%
Key Slime Key
78%
Dungeon Item Small Key
78%
Equipment Sword
78%
Key Tail Key
78%
Equipment Ocarina
75%
Trade Quest Fishing Hook
69%
Equipment Shield
69%
Equipment Bomb
66%
Trade Quest Yoshi Doll
66%
Equipment Boomerang
63%
Trade Quest Bananas
59%
Trade Quest Dog Food
59%
Instrument Of The Sirens Thunder Drum
59%
Instrument Of The Sirens Full Moon Cello
56%
Other Item Heart Container
56%
Equipment Hookshot
56%
Other Item Piece Of Heart
56%
Equipment Roc's Feather
56%
Equipment Magic Powder
53%
Instrument Of The Sirens Coral Triangle
50%
Equipment Power Bracelet
50%
Equipment Powerful Bracelet
50%
Trade Quest Stick
50%
Instrument Of The Sirens Surf Harp
50%
Trade Quest Hibiscus
47%
Trade Quest Magnifying Lens
47%
Other Item Piece Of Power
47%
Trade Quest Scale
47%
Equipment Shovel
47%
Other Item Guardian Acorn
44%
Trade Quest Honeycomb
44%
Dungeon Item Map
44%
Other Item Secret Seashell
44%
Trade Quest Broom
41%
Dungeon Item Compass
41%
Equipment Fairy Bottle
41%
Trade Quest Goat's Letter
41%
Equipment Pegasus Boots
38%
Instrument Of The Sirens Sea Lily's Bell
38%
Instrument Of The Sirens Wind Marimba
38%
Trade Quest Pineapple
34%
Other Item Flippers
31%
Equipment Mirror Shield
31%
Trade Quest Necklace
31%
Other Item Chamber Stone
28%
Instrument Of The Sirens Conch Horn
28%
Dungeon Item Stone Beak
28%
Other Item Sleepy Toadstool
25%
Instrument Of The Sirens Organ Of Evening Calm
22%
Other Item Golden Leaf
13%
Equipment Magical Rod
13%
Other Item Secret Medicine
13%
Other Item Heavyweight Lure
6%
Other Item Middleweight Lure
6%
Other Item Seashell Sensor
3%
No matching quizzes found
Score Distribution
Percent of People with Each Score
Percentile by Number Answered
Your Score History
You have not taken this quiz